000 01016nam a2200217 a 4500
003 0
005 20250424103112.0
008 050808s19uu xx 00 eng d
050 _aPHS JA 76
_b.G35 2005
100 _aGalicia, Levi Gaile A.
245 _aA Study on the perception of University of Asia and the Pacific 2nd yr. college students on what form of government best suits the Philippines, SY 2004-2005 /
_cLevi Gaile A. Galicia.
260 _aLas PiƱas City, Philippines :
_bSouthville International School and Colleges,
_c2005.
300 _a50 pages :
_billustrations ;
_c28 cm.
504 _aIncludes bibliographical references.
650 _aPolitical science
_xStudy and teaching
_zPhilippines.
650 _2Library of Congress Subject Headings
_aPublic opinion
_zPhilippines.
650 _2Library of Congress Subject Headings
_aGovernment, Resistance to
_zPhilippines.
650 _2Library of Congress Subject Headings
_aForm of government
_zPhilippines.
942 _2lcc
_cPASS
999 _c97229
_d97229